Online Catalogue and eLibrary

Racism, sexism, power, and ideology / (Record no. 199)

MARC details
000 -LEADER
fixed length control field 00684pam a2200241 a 4500
001 - CONTROL NUMBER
control field 2068049
005 - DATE AND TIME OF LATEST TRANSACTION
control field 20240124063645.0
008 - FIXED-LENGTH DATA ELEMENTS--GENERAL INFORMATION
fixed length control field 940407s1995 enk b 001 0 eng
020 ## - INTERNATIONAL STANDARD BOOK NUMBER
ISBN 0415093848 (hbk.)
020 ## - INTERNATIONAL STANDARD BOOK NUMBER
ISBN 0415093856 (pbk.)
040 ## - CATALOGING SOURCE (பட்டியலாக்க மூலம்)
Original cataloging agency DLC
Transcribing agency DLC
Modifying agency DLC
082 00 - DDC Classification
Class No. 305.8
DDC Edition Number 20
Item Number - Author Mark COL.
100 1# - MAIN ENTRY--PERSONAL NAME
Personal name Guillaumin, Colette.
245 10 - TITLE STATEMENT
Title Racism, sexism, power, and ideology /
Statement of responsibility, etc. Colette Guillaumin.
250 ## - EDITION STATEMENT
Edition statement 1st.
260 ## - PUBLICATION, DISTRIBUTION, ETC.
Place of publication, distribution, etc. London ;
-- New York :
Name of publisher, distributor, etc. Routledge,
Date of publication, distribution, etc. 1995.
300 ## - PHYSICAL DESCRIPTION
Extent (e.g. Volumes, Pages etc.) x, 288 p. ;
650 #0 - SUBJECT ADDED ENTRY--TOPICAL TERM
Topical term or geographic name entry element Racism.
650 #0 - SUBJECT ADDED ENTRY--TOPICAL TERM
Topical term or geographic name entry element Sexism.
650 #0 - SUBJECT ADDED ENTRY--TOPICAL TERM
Topical term or geographic name entry element Power (Social sciences)
856 42 - ELECTRONIC LOCATION AND ACCESS
Uniform Resource Identifier <a href="http://www.loc.gov/catdir/enhancements/fy0648/94012149-d.html">http://www.loc.gov/catdir/enhancements/fy0648/94012149-d.html</a>
942 ## - Koha item type (Biblio)
Koha item type Books in Stacks (Lending)
Holdings
Lost status Damaged status Collection code Home library Current library Date acquired Full call number Accession Number Item type
    Lending WERC Library WERC Library 01/24/2024 305.8 COL. 5170 Books in Stacks (Lending)

© WERC Library